| 000 | 00726nam a2200277Ia 4500 | ||
|---|---|---|---|
| 005 | 20251020182442.0 | ||
| 008 | 200515s9999 xx 000 0 und d | ||
| 020 | _a978-84-7721-010-8 | ||
| 082 | _a528.821/B24 | ||
| 100 | _aBaselga Moreno, Sergio | ||
| 245 | 0 | _aFundamentos de Cartografía Matemática | |
| 250 | _a1a ed. | ||
| 260 | _aValencia | ||
| 260 | _bUNIVERSIDAD POLITÉCNICA DE VALÈNCIA | ||
| 260 | _c2006 | ||
| 300 | _a101 p. | ||
| 300 | _btbl., graf., map. | ||
| 500 | _a2 ejemplares | ||
| 650 | _aCARTOGRAFIA MATEMATICA | ||
| 650 | _aDEFORMACIONES PROYECTIVAS | ||
| 650 | _aMIGRACION CARTOGRAFICA | ||
| 650 | _aPROYECCIONES CARTOGRAFICAS | ||
| 942 | _cLIB | ||
| 999 |
_c582 _d582 |
||